| 000 | 02288nam2a22002891 4500 | ||
|---|---|---|---|
| 001 | RU\NLR\IC12\5000102382 | ||
| 005 | 20260406083031.0 | ||
| 035 | _a(NLR Aleph) 002723883 | ||
| 090 |
_a1898585 _c1898585 |
||
| 100 | _a20040122d1907 |||y0rusy50 ca | ||
| 101 | 0 | _arus | |
| 102 | _aRU | ||
| 105 | _ay ||||||||| | ||
| 200 | 1 |
_aРезультаты исследования фауны червей реки Волги и премных озер у Саратова (Trematodes, Cestodes, Nemathelminthes и Oligochaeta) _fЛавров С. |
|
| 210 |
_d1907 _aБ. м. |
||
| 225 | 1 |
_aТруды Саратовского общества естествоиспытателей и любителей естествознания _vТ.5, вып.2 _i... _vТ.3, №3 |
|
| 309 | _aНа обл. дата: 1908 | ||
| 461 | 0 |
_1001RU\NLR\INFOCOMM55\1000110838 _12001#$aТруды Саратовского о[бщест]ва естествоиспытателей и любителей естествознания$vТ.5, вып.2 _94416634 _aСаратовское общество естествоиспытателей _cСаратов _d1901-1929 _tТруды Саратовского о[бщест]ва естествоиспытателей и любителей естествознания _vТ.5, вып.2 |
|
| 462 | 0 |
_1001RU\NLR\IC12\5000102378 _12001#$aРаботы Волжской биологической станции$fНар. ком. просв. РСФСР. Главнаука. Волжск. биол. станция$vТ.3, №3 _91898549 _aВолжская биологическая станция (Саратов) _cСаратов _d1900-1930 _fНар. ком. просв. РСФСР. Главнаука. Волжск. биол. станция _tТруды Саратовского о[бщест]ва естествоиспытателей и любителей естествознания. - Работы Волжской биологической станции _vТ.3, №3 |
|
| 700 | 1 |
_4070 _7ca _8rus _aЛавров _bС. Д. _cэнтомолог _f1884-1951 _gСергей Дмитриевич _3RU\NLR\AUTH\770277775 _92649742 |
|
| 801 | 1 |
_aRU _bInfoComm _c20040122 |
|
| 801 | 0 |
_aRU _bNLR _gPSBO |
|
| 852 |
_aNLR _jП8/146 |
||
| 942 | _cISSUE | ||
| 980 | _aNB | ||
| 980 | _aRUSPER | ||